000 00778nas a2200265 4500
001 BR0203014
003 BR-BrBNA
005 20231205103026.0
007 ta
008 230509b bl.|||p| |||| 00| 00por d
040 _aBR-BrBNA
_bpor
_cBiblioteca Nacional de Agricultura
041 _a(Pt)
072 _aE71
100 1 _aPinazza, L.A.
100 1 _aAlimandro, R.
245 1 _aEm contexto favorável, o governo norte-americano adota medidas liberais no pacote aprovado pelo Congresso
650 _aMERCADO MUNDIAL
650 _aPREÇO
650 _aDEMANDA
650 _aOFERTA
650 _aALCA
773 0 _tAgroanalysis (Brazil)
_xISSN 0100-4298
_g(Aug 2001), v.21(8) p. 58-60
_wBR0203014
909 _a202311
_bLúcia
_c55
_dLúcia Elande
942 _2AGRIS
_n0
_cANA
999 _c170647
_d170647